Výklad k nařízení vlády ČR o platových poměrech zaměstnanců rozpočtových a některých dalších organizací a orgánů.
Platové triedy a platové stupne. Kvalifikačné predpoklady a požiadavky. Zaradenie zamestnanca do platovej triedy. Platová tarifa. Osobný príplatok a príplatok za vedenie. Odmeny.
Gespeichert in:
| Format: | Buchkapitel |
|---|---|
| Sprache: | Tschechisch |
| Schlagworte: | |
| Tags: |
Keine Tags, Fügen Sie das erste Tag hinzu!
|
MARC
| LEADER | 00000naa a2200000 4500 | ||
|---|---|---|---|
| 001 | r009490 | ||
| 005 | 20220831085052.8 | ||
| 041 | 0 | |a cze | |
| 044 | |a [CS] | ||
| 245 | 1 | 0 | |a Výklad k nařízení vlády ČR o platových poměrech zaměstnanců rozpočtových a některých dalších organizací a orgánů. |
| 520 | |a Platové triedy a platové stupne. Kvalifikačné predpoklady a požiadavky. Zaradenie zamestnanca do platovej triedy. Platová tarifa. Osobný príplatok a príplatok za vedenie. Odmeny. | ||
| 610 | 2 | 0 | |a platy |
| 610 | 2 | 0 | |a triedy tarifné |
| 610 | 2 | 0 | |a príplatky |
| 610 | 2 | 0 | |a mzdy |
| 610 | 2 | 0 | |a odmeny |
| 610 | 2 | 0 | |a kvalifikácia |
| 610 | 2 | 0 | |a dokumenty vládne |
| 610 | 2 | 0 | |a Čechy |
| 610 | 2 | 0 | |a 1992 |
| 610 | 2 | 0 | |a organizácie rozpočtové |
| 610 | 2 | 0 | |a tarify mzdové |
| 610 | 2 | 0 | |a organizácie príspevkové |